भारतीय संविधान के मूल सिद्धांत / (Record no. 40190)

MARC details
000 -LEADER
fixed length control field 01112nam a22002417a 4500
005 - DATE AND TIME OF LATEST TRANSACTION
control field 20100807161717.0
010 ## - LCCN (DPL NO)
LC control number HIN-90069
020 ## - INTERNATIONAL STANDARD BOOK NUMBER
Terms of availability 160.00
International Standard Book Number 9788177099379
035 ## - SYSTEM CONTROL NUMBER
System control number HN-62415
037 ## - SOURCE OF ACQUISITION
Source of stock number/acquisition DBAD / PUB
082 ## - DEWEY DECIMAL CLASSIFICATION NUMBER
Classification number 342
100 ## - MAIN ENTRY--PERSONAL NAME
Personal name राय, गांधीजी
245 ## - TITLE STATEMENT
Title भारतीय संविधान के मूल सिद्धांत /
Statement of responsibility, etc गांधीजी राय
246 ## - VARYING FORM OF TITLE
Title proper/short title Bhartiya Sanvidhan Ke Mool Siddhanta
Remainder of title by Gandhiji Rai
260 ## - PUBLICATION, DISTRIBUTION, ETC. (IMPRINT)
Place of publication, distribution, etc पटना
Name of publisher, distributor, etc भारती भवन (पब्लिशर्स एण्ड डिस्ट्रीब्यूटर्स)
Date of publication, distribution, etc 2009
270 ## - ADDRESS
Address ठाकुरबाड़ी रोड़
City पटना
Postal code 800003
300 ## - PHYSICAL DESCRIPTION
Extent 438पृ
Dimensions 24सेमी (अजिल्द)
Other physical details सचित्र
700 ## - ADDED ENTRY--PERSONAL NAME
9 (RLIN) 7228
Personal name संजय कुमार
700 ## - ADDED ENTRY--PERSONAL NAME
9 (RLIN) 7267
700 ## - ADDED ENTRY--PERSONAL NAME
9 (RLIN) 7698
942 ## - ADDED ENTRY ELEMENTS (KOHA)
Institution code [OBSOLETE] dpl
Item type Hindi Books
Call number prefix
Source of classification or shelving scheme Dewey Decimal Classification
Call number suffix रायगां
Classification part 342
Holdings
Withdrawn status Lost status Not for loan Collection code Home library Current library Date acquired Source of acquisition Cost, normal purchase price Full call number Barcode Copy number Cost, replacement price Koha item type
    Not For Loan Non-fiction D.B.Act.Division D.B.Act.Division 07/08/2010 DBAD / PUB 160.00 342 रायगां HN-62415 1 160.00 Hindi Books

© Delhi Public Library
Hit Counter
free hit counter